000 00507nam a2200193Ia 4500
008 220531s9999 xx 000 0 und d
041 _aeng
082 _a540
_bPAH / PAH
100 _aPahari, D. / Pahari, S.
_970379
245 _aProblems On Physical Chemistry
250 _a1ST
260 _aKolkata
_bNew Central Book Agency
_c2015
300 _a673
542 _d06-11-2015
551 _aScience
_bNon-grant-SCI
650 _aChemistry
_970380
906 _d2015-2016
999 _c39421
_d39421